000
00210nam a2200085Ia 4500
008
120527s9999 xx 000 0 und d
100
_a
KENEDY and Madugula
245
_a
Classical and matrix methods
942
_c
BK
999
_c
25617
_d
25617